[Event "2BLS 1920 SV Worms 1878 - Stuttgarter S"]
[Site "?"]
[Date "2019.11.23"]
[Round "3.3"]
[White "Kvetny, Mark"]
[Black "Feldmann, Johannes"]
[Result "1-0"]
[WhiteElo "2420"]
[BlackElo "2200"]
[PlyCount "123"]
[EventDate "2019.??.??"]

1. c4 Nf6 2. Nc3 e5 3. g3 c6 4. d4 exd4 5. Qxd4 d5 6. Bg2 Be6 7. cxd5 cxd5 8.
Nf3 Nc6 9. Qa4 Bc5 10. O-O O-O 11. Bg5 h6 12. Bxf6 Qxf6 13. Qb5 Bb6 14. Na4 d4
15. Nxb6 axb6 16. Qxb6 Rxa2 17. Rxa2 Bxa2 18. Ra1 Re8 19. b4 d3 20. exd3 Bd5
21. Re1 Rxe1+ 22. Nxe1 Bxg2 23. Kxg2 Qe7 24. Nc2 Qd7 25. Qe3 f5 26. d4 Kh7 27.
Qf3 b6 28. h4 Nxd4 29. Nxd4 Qxd4 30. Qxf5+ Kg8 31. b5 Kh8 32. Qe6 Qc5 33. Qe8+
Kh7 34. f4 Qc2+ 35. Kf3 Qd3+ 36. Kf2 Qd4+ 37. Qe3 Qb2+ 38. Qe2 Qd4+ 39. Kf3 Qc5
40. Qd3+ Kh8 41. g4 g6 42. Qd8+ Kg7 43. Qd7+ Kh8 44. Qc6 Qd4 45. Qe8+ Kh7 46.
g5 hxg5 47. hxg5 Qd1+ 48. Qe2 Qd7 49. Qe3 Qh3+ 50. Ke2 Qg2+ 51. Kd3 Qf1+ 52.
Kd4 Qxb5 53. Qe7+ Kg8 54. Qe6+ Kg7 55. Qf6+ Kh7 56. Qf7+ Kh8 57. Qf8+ Kh7 58.
Qh6+ Kg8 59. Qxg6+ Kh8 60. Qh6+ Kg8 61. Qe6+ Kh7 62. Qe4+ 1-0

[Event "2BLS 1920 SV Worms 1878 - Stuttgarter S"]
[Site "?"]
[Date "2019.11.23"]
[Round "3.4"]
[White "Ollenberger, Roland"]
[Black "Neyman, Igor"]
[Result "1-0"]
[WhiteElo "2257"]
[BlackElo "2347"]
[PlyCount "135"]
[EventDate "2019.??.??"]

1. e4 c5 2. Nf3 a6 3. g3 Nc6 4. Bg2 d6 5. c3 Bg4 6. h3 Bh5 7. d3 e5 8. Na3 Be7
9. Nc4 h6 10. a4 Bf6 11. g4 Bg6 12. Qb3 Rb8 13. Ne3 h5 14. Rg1 hxg4 15. hxg4
Qd7 16. Bf1 Bd8 17. Be2 Nge7 18. Bd2 f6 19. Nf5 Bf7 20. Qc2 g6 21. Ne3 d5 22.
c4 dxe4 23. dxe4 Nd4 24. Nxd4 cxd4 25. Nd5 Nxd5 26. cxd5 Rc8 27. Qb3 g5 28. Bb4
Be7 29. Bxe7 Qxe7 30. Kd2 Kf8 31. Rac1 Kg7 32. Rxc8 Rxc8 33. Rh1 Qc7 34. Bd3
Qd7 35. f3 Qc7 36. Qb4 a5 37. Qb3 Kg6 38. Bb5 Kg7 39. Kd3 Qb6 40. Bc4 Qxb3+ 41.
Bxb3 Be8 42. Ra1 Bd7 43. Bc4 Rc5 44. Ra3 b5 45. axb5 Bxb5 46. Bxb5 Rxb5 47. Kc4
Rxb2 48. d6 Kf7 49. Kd5 d3 50. Rxd3 a4 51. Kc6 Ke8 52. Rc3 Rb8 53. Kd5 Ra8 54.
Ke6 a3 55. Rc1 Kf8 56. Kxf6 a2 57. Rh1 Kg8 58. Ra1 Kf8 59. Kxe5 Ra3 60. Ke6 Ke8
61. e5 Kf8 62. Kd7 Ra7+ 63. Ke6 Ra3 64. Kd5 Kf7 65. e6+ Kf6 66. e7 Kf7 67. Re1
Rd3+ 68. Kc4 1-0

[Event "2BLS 1920 SV Worms 1878 - Stuttgarter S"]
[Site "?"]
[Date "2019.11.23"]
[Round "3.5"]
[White "Strunski, Andreas"]
[Black "Martin, Mike"]
[Result "1-0"]
[WhiteElo "2328"]
[BlackElo "2156"]
[PlyCount "55"]
[EventDate "2019.??.??"]

1. d4 Nf6 2. c4 e6 3. Nc3 Bb4 4. Qc2 c5 5. dxc5 O-O 6. a3 Bxc5 7. Nf3 d5 8. Bg5
dxc4 9. e4 Qc7 10. Rd1 Nbd7 11. Bxc4 Bxf2+ 12. Qxf2 Qxc4 13. e5 Ne4 14. Qh4
Ndc5 15. Be7 Nd3+ 16. Rxd3 Qxd3 17. Qxe4 Qxe4+ 18. Nxe4 Re8 19. Bh4 Bd7 20. Nd6
Reb8 21. O-O h6 22. Nd4 Be8 23. Rc1 g5 24. Bf2 Rd8 25. Rc7 b6 26. h4 gxh4 27.
Bxh4 Rd7 28. Rc3 1-0

[Event "2BLS 1920 SV Worms 1878 - Stuttgarter S"]
[Site "?"]
[Date "2019.11.23"]
[Round "3.6"]
[White "Musiolik, David"]
[Black "Vyval, Volodymyr"]
[Result "0-1"]
[WhiteElo "2131"]
[BlackElo "2193"]
[PlyCount "122"]
[EventDate "2019.??.??"]

1. e4 c5 2. Nf3 d6 3. d4 cxd4 4. Nxd4 Nf6 5. Nc3 a6 6. Be2 e5 7. Nb3 Be6 8. Bf3
Be7 9. O-O O-O 10. Re1 b5 11. a4 b4 12. Nd5 Nxd5 13. exd5 Bf5 14. a5 Qc7 15.
Be4 Bd7 16. Bd3 f5 17. Be3 Qb7 18. Bc4 Rc8 19. Nc5 Rxc5 20. Bxc5 Qc7 21. Rxe5
Bf6 22. Bxd6 Qxd6 23. Re6 Bxe6 24. dxe6 Qxd1+ 25. Rxd1 Kf8 26. Rd6 Ra7 27. Rb6
Be5 28. Bd5 Ke7 29. Rxb4 Kd8 30. c4 Kc8 31. Rb6 Bd4 32. Bb7+ Kd8 33. Rb3 Bc5
34. Bd5 Kc7 35. Rh3 Nc6 36. Rxh7 Kd6 37. Rh8 Rb7 38. Rc8 Rc7 39. Rf8 Ne7 40.
Rd8+ Ke5 41. Rd7 Nxd5 42. Rxd5+ Kxe6 43. g4 fxg4 44. Rg5 Bd4 45. Rg6+ Kf5 46.
Rxa6 Bxb2 47. Rd6 Rxc4 48. a6 Ra4 49. Kg2 Be5 50. Rc6 Ra2 51. a7 Rxa7 52. Rc2
Ra3 53. Rc1 Rh3 54. Rh1 Rh8 55. f3 gxf3+ 56. Kxf3 Rxh2 57. Re1 g5 58. Rg1 g4+
59. Ke3 Bf4+ 60. Kd3 Rd2+ 61. Kc3 Rd8 0-1

[Event "2BLS 1920 SV Worms 1878 - Stuttgarter S"]
[Site "?"]
[Date "2019.11.23"]
[Round "3.7"]
[White "Beyer, Christian"]
[Black "Dausch, Rene"]
[Result "1-0"]
[WhiteElo "2272"]
[BlackElo "2227"]
[PlyCount "71"]
[EventDate "2019.??.??"]

1. e4 c5 2. Nf3 g6 3. d4 cxd4 4. Nxd4 Nc6 5. Nc3 Bg7 6. Be3 Nf6 7. Bc4 O-O 8.
Bb3 a5 9. O-O a4 10. Nxa4 Nxe4 11. Nb5 d5 12. Bb6 Qd7 13. Qe2 Na5 14. Nc7 Nxb3
15. cxb3 Rxa4 16. bxa4 Qxa4 17. Nxd5 Bd7 18. Rfe1 Nf6 19. b3 Qh4 20. Nxf6+ Bxf6
21. Rad1 Bc6 22. f3 Bc3 23. Rf1 Qb4 24. Qe3 Re8 25. Bd4 Bxd4 26. Qxd4 Qxd4+ 27.
Rxd4 e5 28. Rd2 f5 29. Rfd1 Re7 30. Kf2 Kf7 31. Rd6 h5 32. h4 Kg7 33. a4 Kf7
34. a5 Be8 35. b4 Rc7 36. Rb6 1-0

[Event "2BLS 1920 SV Worms 1878 - Stuttgarter S"]
[Site "?"]
[Date "2019.11.23"]
[Round "3.8"]
[White "Voelbel, Patrick"]
[Black "Fritsch, Rolf"]
[Result "*"]
[WhiteElo "2082"]
[BlackElo "2167"]
[PlyCount "174"]
[EventDate "2019.??.??"]

1. d4 g6 2. e4 Bg7 3. Nc3 d6 4. Be3 a6 5. Qd2 Nd7 6. O-O-O b5 7. f3 Bb7 8. g4
Rc8 9. Kb1 c5 10. dxc5 Nxc5 11. Bd4 Nf6 12. g5 Nh5 13. Bh3 Ne6 14. Bxg7 Nhxg7
15. Nge2 Rc5 16. Rhg1 O-O 17. f4 Qa8 18. Ng3 Rxc3 19. Qxc3 Nxf4 20. Bg4 Bc8 21.
Bxc8 Rxc8 22. Qd2 Nfe6 23. h4 Rc5 24. Qf2 a5 25. Rgf1 Nd8 26. Rd3 Qc8 27. Rd5
Nge6 28. Rxc5 Qxc5 29. Qxc5 Nxc5 30. Kc1 Kf8 31. Kd2 Ke8 32. c3 Kd7 33. b4 axb4
34. cxb4 Na6 35. a3 Nc7 36. Ne2 Ke6 37. Rc1 Kd7 38. Nc3 Nc6 39. Re1 Nd4 40. Rf1
Ke8 41. a4 bxa4 42. Nxa4 d5 43. Kd3 Nc6 44. Rb1 dxe4+ 45. Kxe4 Nb5 46. Kd5 Nca7
47. Kc5 Nd6 48. Nc3 Kd7 49. Kb6 Nac8+ 50. Ka6 f6 51. b5 Nc4 52. Rd1+ Ke6 53.
Rf1 N8b6 54. Kb7 f5 55. Kc6 Nc8 56. Re1+ Kf7 57. Na4 e5 58. Kd5 N4d6 59. Kxe5
Nxb5 60. Rc1 Ne7 61. Rc5 Na7 62. Nc3 Nac6+ 63. Kd6 f4 64. Rc4 f3 65. Rf4+ Ke8
66. Rxf3 Nd4 67. Rh3 Kf7 68. Rh1 Nf3 69. Ne4 Nf5+ 70. Kd7 Kg7 71. Ke6 N5d4+ 72.
Kd5 Nf5 73. Ra1 h6 74. Ra7+ Kf8 75. Ke6 hxg5 76. Nxg5 N3xh4 77. Kf6 Ke8 78. Ne4
Kd8 79. Nc5 Kc8 80. Ne6 Nd6 81. Nf4 g5 82. Ng6 Nf3 83. Ne7+ Kb8 84. Nc6+ Kc8
85. Ne5 Ne8+ 86. Ke7 Ng7 87. Kf6 Nh5+ *

[Event "2BLS 1920 SV 1947 Walldorf - SV 1920 Ho"]
[Site "?"]
[Date "2019.11.23"]
[Round "3.1"]
[White "Bernadskiy, Vitaliy"]
[Black "Gschnitzer, Adrian"]
[Result "1/2-1/2"]
[WhiteElo "2571"]
[BlackElo "2422"]
[PlyCount "154"]
[EventDate "2019.??.??"]

1. c4 Nf6 2. Nc3 c5 3. g3 d5 4. cxd5 Nxd5 5. Bg2 Nc7 6. Nf3 Nc6 7. d3 e5 8. Nd2
Be7 9. Nc4 f6 10. O-O O-O 11. f4 exf4 12. Bxf4 Re8 13. e4 Be6 14. Ne3 Bd6 15.
Ned5 Nd4 16. Qd2 Bf7 17. Rae1 Be5 18. Qf2 b5 19. b4 Bxf4 20. gxf4 Nxd5 21. Nxd5
Bxd5 22. exd5 Qb6 23. d6 Qxd6 24. Bxa8 Rxa8 25. Re4 Rd8 26. Qe3 cxb4 27. Re8+
Rxe8 28. Qxe8+ Qf8 29. Qxf8+ Kxf8 30. Kf2 Ke7 31. Ke3 Nc6 32. f5 g5 33. fxg6
hxg6 34. d4 Ke6 35. d5+ Kxd5 36. Rxf6 Ne5 37. Ra6 Nc6 38. h3 Kd6 39. Ke4 Kd7
40. Kd5 b3 41. Ra3 bxa2 42. Kc5 Ne5 43. Rxa2 Ke6 44. Rxa7 Kf5 45. Kd5 g5 46.
Ra1 Ng6 47. Kd4 Nf4 48. Rh1 Kg6 49. Ke4 Kh5 50. Kf5 Kh4 51. Rg1 Nxh3 52. Rg4+
Kh5 53. Rg3 Kh4 54. Rg2 Kh5 55. Rg4 Kh6 56. Rg3 Nf4 57. Rxg5 Nd5 58. Rg6+ Kh5
59. Re6 b4 60. Ke4 Nc3+ 61. Kd3 Kg5 62. Kd4 Kf5 63. Re5+ Kf6 64. Rc5 Ke6 65.
Rc6+ Kf5 66. Rb6 Ne2+ 67. Ke3 Nc3 68. Kd3 Nd5 69. Rb5 Ke6 70. Kd4 Nf6 71. Rxb4
Nd5 72. Rb5 Nf6 73. Rg5 Nd7 74. Rg6+ Nf6 75. Rg1 Kf5 76. Rf1+ Ke6 77. Rf2 Nd7
1/2-1/2

[Event "2BLS 1920 SV 1947 Walldorf - SV 1920 Ho"]
[Site "?"]
[Date "2019.11.23"]
[Round "3.2"]
[White "Gschnitzer, Oswald"]
[Black "Sumets, Andrey"]
[Result "0-1"]
[WhiteElo "2359"]
[BlackElo "2570"]
[PlyCount "154"]
[EventDate "2019.??.??"]

1. Nf3 d5 2. c4 e6 3. d4 Nf6 4. Nc3 c6 5. e3 a6 6. Qc2 c5 7. cxd5 exd5 8. Be2
Nc6 9. Ne5 Qc7 10. Nxc6 bxc6 11. O-O Bd6 12. h3 O-O 13. Bd2 cxd4 14. exd4 Qa7
15. Be3 Bb8 16. Bd3 Qc7 17. f4 Re8 18. Rae1 a5 19. Bc1 Be6 20. Rf3 Qb6 21. f5
Bd7 22. Rxe8+ Bxe8 23. Be3 Ba7 24. g4 h6 25. Na4 Qb4 26. a3 Qe7 27. Nc5 Nd7 28.
b4 axb4 29. axb4 Nf6 30. Bf2 Bb8 31. Re3 Qc7 32. Bg3 Qb6 33. Bh4 Bf4 34. Rf3
Bg5 35. Be1 Ra1 36. Qc3 Rc1 37. Bc2 Qa7 38. Nd3 Ne4 39. Qb2 Ra1 40. Bb1 Bf6 41.
Nc5 Bxd4+ 42. Qxd4 Rxb1 43. Re3 Bd7 44. Ne6 Qxd4 45. Nxd4 h5 46. Kg2 hxg4 47.
hxg4 g6 48. fxg6 fxg6 49. Nf3 Kg7 50. Ne5 Be8 51. Nd3 g5 52. Nc5 Bg6 53. Nxe4
Bxe4+ 54. Kf2 Kf6 55. Bc3+ Ke6 56. Re1 Rb3 57. Re3 Kf7 58. Be1 Rb1 59. Re2 Rd1
60. Rd2 Rc1 61. Re2 Kf6 62. Bd2 Rc4 63. Re1 Bc2 64. Kf3 d4 65. Rh1 Ke5 66. Rh5
Bd1+ 67. Kf2 Bxg4 68. Rxg5+ Bf5 69. Rg1 Rc2 70. Ke2 Rb2 71. Rc1 Bc2 72. Rg1 Rb3
73. Rg5+ Bf5 74. Rg8 Bd3+ 75. Kf2 Bb5 76. Re8+ Kd5 77. Re1 Rb2 0-1

[Event "2BLS 1920 SV 1947 Walldorf - SV 1920 Ho"]
[Site "?"]
[Date "2019.11.23"]
[Round "3.3"]
[White "Wirig, Anthony"]
[Black "Vonthron, Horst"]
[Result "1/2-1/2"]
[WhiteElo "2504"]
[BlackElo "2343"]
[PlyCount "51"]
[EventDate "2019.??.??"]

1. d4 Nf6 2. Bg5 Ne4 3. Bf4 d5 4. e3 e6 5. Bd3 Bd6 6. Ne2 Nc6 7. Bxe4 dxe4 8.
Nbc3 f5 9. Bxd6 Qxd6 10. Qd2 Ne7 11. f3 exf3 12. gxf3 Bd7 13. O-O-O O-O-O 14.
e4 fxe4 15. fxe4 e5 16. Qg5 exd4 17. Rxd4 Qf6 18. Qxf6 gxf6 19. Nf4 f5 20. Rg1
Rhg8 21. Rdd1 fxe4 22. Nxe4 Rxg1 23. Rxg1 Bf5 24. Ng3 Rf8 25. Re1 Ng6 26. Nxf5
1/2-1/2

[Event "2BLS 1920 SV 1947 Walldorf - SV 1920 Ho"]
[Site "?"]
[Date "2019.11.23"]
[Round "3.4"]
[White "Faerber, David"]
[Black "Ginsburg, Gennadi"]
[Result "1/2-1/2"]
[WhiteElo "2322"]
[BlackElo "2411"]
[PlyCount "81"]
[EventDate "2019.??.??"]

1. e4 c5 2. Nf3 Nc6 3. d4 cxd4 4. Nxd4 e5 5. Nb5 a6 6. Nd6+ Bxd6 7. Qxd6 Qe7 8.
Qd1 Nf6 9. Nc3 Nd4 10. Bd3 h6 11. O-O O-O 12. Be3 b5 13. Bxd4 exd4 14. Ne2 Nxe4
15. Nxd4 d5 16. Qh5 Nf6 17. Qe2 Qc5 18. Nb3 Qd6 19. Qe3 Ng4 20. Qg3 Qf6 21. c3
h5 22. Nd4 h4 23. Qc7 Ne5 24. Be2 h3 25. g3 Bf5 26. f4 Nd3 27. Bxd3 Bxd3 28.
Rfe1 b4 29. Qe5 bxc3 30. bxc3 Rac8 31. Rac1 Rc5 32. Qe3 Be4 33. Ne6 Qxe6 34.
Qxc5 Rc8 35. Qe3 f5 36. Red1 Qc6 37. Rd4 Qc5 38. g4 Qa3 39. gxf5 Qxa2 40. Qd2
Qb3 41. Rb4 1/2-1/2

[Event "2BLS 1920 SV 1947 Walldorf - SV 1920 Ho"]
[Site "?"]
[Date "2019.11.23"]
[Round "3.5"]
[White "Womacka, Mathias"]
[Black "Mueller, Olaf"]
[Result "1-0"]
[WhiteElo "2433"]
[BlackElo "2343"]
[PlyCount "65"]
[EventDate "2019.??.??"]

1. e4 e6 2. d4 d5 3. Nd2 Nf6 4. e5 Nfd7 5. Bd3 c5 6. c3 Nc6 7. Ne2 cxd4 8. cxd4
Nb6 9. O-O Bd7 10. a3 a5 11. Nf3 a4 12. Nc3 Na5 13. Bc2 Nac4 14. Ng5 Be7 15.
Qg4 h5 16. Qg3 h4 17. Qg4 Bc6 18. Nxf7 Kxf7 19. Bg6+ Kf8 20. Ne2 Bf6 21. Nf4
Bd7 22. Re1 Kg8 23. Nh5 Bxe5 24. dxe5 Qf8 25. Bg5 Rh7 26. Bxh7+ Kxh7 27. Bf6 g6
28. Nf4 Qh6 29. Bg5 Qg7 30. Qxh4+ Kg8 31. Bf6 Qh7 32. Qg5 Nxb2 33. Re3 1-0

[Event "2BLS 1920 SV 1947 Walldorf - SV 1920 Ho"]
[Site "?"]
[Date "2019.11.23"]
[Round "3.6"]
[White "Adler, Joel"]
[Black "Gurevich, Vladimir"]
[Result "0-1"]
[WhiteElo "2240"]
[BlackElo "2469"]
[PlyCount "154"]
[EventDate "2019.??.??"]

1. d4 Nf6 2. c4 e6 3. Nf3 b6 4. e3 Bb7 5. Nc3 Bb4 6. Bd3 O-O 7. O-O c5 8. Na4
cxd4 9. exd4 Be7 10. Re1 d6 11. h3 Nbd7 12. Nc3 d5 13. Ne5 Rc8 14. Qe2 Nb8 15.
Bg5 Nc6 16. Bxf6 Bxf6 17. cxd5 exd5 18. Qg4 Bxe5 19. dxe5 d4 20. Rad1 dxc3 21.
Bxh7+ Kxh7 22. Rxd8 Nxd8 23. bxc3 Rxc3 24. Rd1 Kg8 25. h4 Rc5 26. h5 Rxe5 27.
h6 Ne6 28. hxg7 Nxg7 29. Qd7 Ba8 30. Rd3 Rg5 31. f3 Ne6 32. Rc3 Bd5 33. Kf2 Rd8
34. Rc8 Rxc8 35. Qxc8+ Kg7 36. Qc3+ f6 37. Qa3 a5 38. Qe7+ Kg6 39. Qe8+ Kh7 40.
Qf7+ Ng7 41. Qxf6 Rg6 42. Qh4+ Rh6 43. Qa4 Kg8 44. a3 Rd6 45. Qf4 Ne8 46. Qg4+
Kf8 47. Qc8 Ke7 48. Qc3 Kd7 49. Qe3 Nc7 50. Qc3 Rc6 51. Qd2 Rd6 52. Qc3 Bc6 53.
Qh8 b5 54. Qc3 b4 55. Qg7+ Kc8 56. Qf8+ Rd8 57. Qf5+ Bd7 58. Qxa5 b3 59. Qb4
Be6 60. a4 Rd1 61. f4 Rc1 62. f5 Rc2+ 63. Kg3 Bd5 64. f6 b2 65. a5 Rxg2+ 66.
Kf4 Rf2+ 67. Kg5 Ba2 68. Qf8+ Kd7 69. Qe7+ Kc6 70. Qe4+ Bd5 71. Qb4 Rg2+ 72.
Kh6 Rh2+ 73. Kg5 Ne6+ 74. Kg6 Rg2+ 75. Kf7 Nc5+ 76. Ke7 Re2+ 77. Kf8 Be4 0-1

[Event "2BLS 1920 SV 1947 Walldorf - SV 1920 Ho"]
[Site "?"]
[Date "2019.11.23"]
[Round "3.7"]
[White "Lobzhanidze, Davit"]
[Black "Fichter, Fabian"]
[Result "1/2-1/2"]
[WhiteElo "2418"]
[BlackElo "2267"]
[PlyCount "93"]
[EventDate "2019.??.??"]

1. e4 c5 2. Nf3 Nc6 3. Bb5 g6 4. Bxc6 dxc6 5. d3 Bg7 6. h3 e5 7. O-O Qe7 8. Be3
Nf6 9. Nbd2 Nd7 10. a4 Nf8 11. Nc4 f6 12. c3 Ne6 13. a5 O-O 14. Re1 Rd8 15. Qc2
Bd7 16. Rad1 Be8 17. d4 cxd4 18. cxd4 exd4 19. Nxd4 Nxd4 20. Rxd4 Rxd4 21. Bxd4
Bf7 22. Ne3 Rd8 23. Bc3 h5 24. Rd1 Rxd1+ 25. Qxd1 Qxe4 26. Qd8+ Qe8 27. Qc7 Qa8
28. Qe7 f5 29. Bxg7 Kxg7 30. g3 Qc8 31. h4 b6 32. Qxa7 bxa5 33. Qxa5 Qe6 34.
Qc3+ Kg8 35. Qd4 Qb3 36. Qc3 Qe6 37. Ng2 Qe4 38. Nf4 Bd5 39. Nxd5 Qxd5 40. Qf6
Kh7 41. Qe7+ Kg8 42. b4 Qd1+ 43. Kg2 Qd5+ 44. Kh2 Qc4 45. Qf6 Kh7 46. Qd6 Kg7
47. Qe7+ 1/2-1/2

[Event "2BLS 1920 SV 1947 Walldorf - SV 1920 Ho"]
[Site "?"]
[Date "2019.11.23"]
[Round "3.8"]
[White "Haas, Frank-Martin"]
[Black "Zude, Erik"]
[Result "0-1"]
[WhiteElo "2128"]
[BlackElo "2382"]
[PlyCount "79"]
[EventDate "2019.??.??"]

1. e4 d6 2. f4 Nf6 3. d3 e5 4. Nf3 c6 5. c3 Nbd7 6. Be2 Be7 7. Na3 O-O 8. O-O
exf4 9. Kh1 Ne5 10. Bxf4 Ng6 11. Bd2 d5 12. e5 Nd7 13. d4 Nb6 14. Bd3 Be6 15.
Qe1 Na4 16. Rb1 b5 17. Nc2 Nb6 18. b3 a5 19. Qg3 f5 20. Ng5 Bxg5 21. Bxg5 Qd7
22. h4 f4 23. Bxf4 Bf5 24. Bg5 a4 25. Bxf5 Rxf5 26. h5 h6 27. hxg6 Rxg5 28. Qf3
Rxg6 29. Nb4 Qe7 30. Rbe1 Re6 31. Nd3 Rg6 32. Nc5 axb3 33. axb3 Nd7 34. Qf5
Qh4+ 35. Kg1 Qg3 36. Qf2 Nxc5 37. dxc5 Re8 38. Re3 Qg5 39. Re2 Rxe5 40. Rxe5
0-1

[Event "2BLS 1920 SC Eppingen - SC Heusenstamm"]
[Site "?"]
[Date "2019.11.23"]
[Round "3.1"]
[White "Krejci, Jan"]
[Black "Noe, Christopher"]
[Result "1/2-1/2"]
[WhiteElo "2578"]
[BlackElo "2533"]
[PlyCount "49"]
[EventDate "2019.??.??"]

1. c4 c5 2. g3 g6 3. Bg2 Bg7 4. Nc3 Nc6 5. Nf3 d6 6. O-O Nf6 7. d4 cxd4 8. Nxd4
Bd7 9. Nb3 b6 10. Nd5 Rc8 11. Bg5 Ne5 12. Bxf6 exf6 13. Nd2 O-O 14. Rc1 f5 15.
Qb3 Rc5 16. e4 b5 17. exf5 bxc4 18. Nxc4 Nxc4 19. Rxc4 Bxf5 20. Rxc5 dxc5 21.
Qb7 Be6 22. Ne7+ Kh8 23. Qxa7 c4 24. Qc5 Qd4 25. Qxd4 1/2-1/2

[Event "2BLS 1920 SC Eppingen - SC Heusenstamm"]
[Site "?"]
[Date "2019.11.23"]
[Round "3.2"]
[White "Mesaros, Florian"]
[Black "Sadzikowski, Daniel"]
[Result "1/2-1/2"]
[WhiteElo "2397"]
[BlackElo "2508"]
[PlyCount "46"]
[EventDate "2019.??.??"]

1. d4 Nf6 2. c4 e6 3. Nc3 d5 4. cxd5 exd5 5. Bg5 c6 6. e3 Be7 7. Bd3 Nbd7 8.
Qc2 Nf8 9. Nge2 Ne6 10. Bh4 g6 11. O-O O-O 12. Rad1 b6 13. f3 Bb7 14. Kh1 Nh5
15. Bxe7 Qxe7 16. e4 Rad8 17. exd5 cxd5 18. Qa4 a6 19. Rfe1 Qd6 20. Qc2 b5 21.
Qc1 Rc8 22. Qe3 Rfe8 23. Qf2 Qb4 1/2-1/2

[Event "2BLS 1920 SC Eppingen - SC Heusenstamm"]
[Site "?"]
[Date "2019.11.23"]
[Round "3.3"]
[White "Polak, Tomas"]
[Black "Medvegy, Zoltan"]
[Result "1/2-1/2"]
[WhiteElo "2551"]
[BlackElo "2529"]
[PlyCount "57"]
[EventDate "2019.??.??"]

1. d4 e6 2. c4 f5 3. g3 Nf6 4. Bg2 d5 5. Nf3 c6 6. O-O Bd6 7. b3 Qe7 8. Bb2 O-O
9. Qc1 b5 10. Ne5 a5 11. Nd2 Ba6 12. c5 Bxe5 13. dxe5 Nfd7 14. Bd4 b4 15. Re1
Bb5 16. a4 bxa3 17. Qxa3 Na6 18. Qxa5 Ndxc5 19. Qa3 Kf7 20. Rec1 Nd7 21. Nc4
Qxa3 22. Rxa3 Nc7 23. Nd6+ Ke7 24. Rxa8 Rxa8 25. Bf1 Ra3 26. e3 Rxb3 27. Bxb5
Nxb5 28. Rxc6 g5 29. h3 1/2-1/2

[Event "2BLS 1920 SC Eppingen - SC Heusenstamm"]
[Site "?"]
[Date "2019.11.23"]
[Round "3.4"]
[White "Guliyev, Namig"]
[Black "Wieczorek, Oskar"]
[Result "0-1"]
[WhiteElo "2550"]
[BlackElo "2489"]
[PlyCount "76"]
[EventDate "2019.??.??"]

1. e4 c5 2. Nf3 d6 3. d4 cxd4 4. Nxd4 Nf6 5. Nc3 Nc6 6. Be2 e6 7. O-O Be7 8.
Be3 O-O 9. f4 Bd7 10. Qe1 Nxd4 11. Bxd4 Bc6 12. Qg3 g6 13. Bf3 b5 14. a3 a5 15.
Rae1 b4 16. axb4 axb4 17. Nd1 Bb5 18. Rf2 Nd7 19. Qh3 e5 20. Be3 Ra1 21. f5 Bh4
22. g3 Bg5 23. Bxg5 Qxg5 24. Qg2 gxf5 25. exf5 Nf6 26. h4 Qh6 27. g4 Qxh4 28.
g5 Kh8 29. gxf6 Rg8 30. Qxg8+ Kxg8 31. Kg2 Qg5+ 32. Kh2 Qxf6 33. Re4 d5 34.
Rxb4 e4 35. Rxb5 Qh4+ 36. Kg1 exf3 37. Rxd5 Qg4+ 38. Kf1 Qc4+ 0-1

[Event "2BLS 1920 SC Eppingen - SC Heusenstamm"]
[Site "?"]
[Date "2019.11.23"]
[Round "3.5"]
[White "Poetsch, Hagen"]
[Black "Juhasz, Armin"]
[Result "1-0"]
[WhiteElo "2516"]
[BlackElo "2395"]
[PlyCount "91"]
[EventDate "2019.??.??"]

1. e4 c6 2. Nc3 d5 3. Nf3 Bg4 4. h3 Bxf3 5. Qxf3 e6 6. g3 Nf6 7. Bg2 dxe4 8.
Nxe4 Nxe4 9. Qxe4 Qd5 10. d4 Nd7 11. O-O Qxe4 12. Bxe4 Nf6 13. Bf3 O-O-O 14.
Rd1 Bd6 15. Be3 Nd5 16. Bd2 Rhe8 17. c4 Nf6 18. Be3 e5 19. d5 c5 20. b4 b6 21.
bxc5 bxc5 22. Rab1 Rd7 23. Rb5 Rc7 24. Rdb1 Kd7 25. Bd2 Ra8 26. Ba5 Rcc8 27. g4
h6 28. h4 g5 29. hxg5 hxg5 30. Rb7+ Ke8 31. Bd2 Nd7 32. Bxg5 Nb6 33. Be2 Rcb8
34. Rxb8+ Rxb8 35. Rb5 Kd7 36. Be3 Rc8 37. Ra5 Rc7 38. Kg2 Ke7 39. Kf3 Nd7 40.
Ke4 f6 41. Kf5 Kf7 42. g5 Be7 43. Ra6 Nb6 44. gxf6 Bxf6 45. d6 Rd7 46. Bxc5 1-0

[Event "2BLS 1920 SC Eppingen - SC Heusenstamm"]
[Site "?"]
[Date "2019.11.23"]
[Round "3.6"]
[White "Hacker, Jonas"]
[Black "Klekowski, Maciej"]
[Result "0-1"]
[WhiteElo "2373"]
[BlackElo "2485"]
[PlyCount "107"]
[EventDate "2019.??.??"]

1. e4 c5 2. Nf3 Nc6 3. d4 cxd4 4. Nxd4 e6 5. Nb5 d6 6. c4 Nf6 7. N5c3 Be7 8.
Be2 O-O 9. O-O b6 10. Bf4 Bb7 11. Re1 Ne5 12. Bf1 Rc8 13. Nd2 Ng6 14. Bg3 h5
15. h3 h4 16. Bh2 e5 17. Be2 a6 18. Rc1 Rc7 19. Bf3 Qa8 20. a4 Rfc8 21. b3 Nf8
22. Be2 Ne6 23. Bd3 g6 24. Ra1 Rf8 25. Nd5 Nxd5 26. cxd5 Nc5 27. Nc4 Qa7 28.
Kh1 a5 29. f4 exf4 30. Bxf4 Ba6 31. Bf1 Bxc4 32. Bxc4 Rd7 33. Bh6 Bf6 34. Bxf8
Kxf8 35. Ra2 Re7 36. Qf3 Kg7 37. Qf4 Re5 38. Rae2 Qe7 39. Qf3 Rg5 40. Qe3 Rg3
41. Qf2 Bc3 42. e5 Bxe1 43. Rxe1 dxe5 44. d6 Qxd6 45. Qxf7+ Kh6 46. Rf1 Kg5 47.
Qg8 Ne4 48. Be6 Rxh3+ 49. gxh3 Ng3+ 50. Kg2 Qd2+ 51. Rf2 Qd1 52. Rf8 Qh1+ 53.
Kf2 Qf1+ 54. Ke3 0-1

[Event "2BLS 1920 SC Eppingen - SC Heusenstamm"]
[Site "?"]
[Date "2019.11.23"]
[Round "3.7"]
[White "Barski, Radoslaw"]
[Black "Bilchinski, Anton"]
[Result "1/2-1/2"]
[WhiteElo "2441"]
[BlackElo "2236"]
[PlyCount "134"]
[EventDate "2019.??.??"]

1. e4 e5 2. Nf3 Nf6 3. d4 Nxe4 4. dxe5 d5 5. Nbd2 Nxd2 6. Qxd2 Be7 7. Bd3 c5 8.
c3 Nc6 9. Qf4 h6 10. h4 Be6 11. Bd2 Qc7 12. b4 O-O-O 13. h5 d4 14. c4 Bg5 15.
Nxg5 hxg5 16. Qxg5 Qxe5+ 17. Qxe5 Nxe5 18. Bf1 Rhe8 19. O-O-O b6 20. Re1 Bf5
21. bxc5 bxc5 22. h6 gxh6 23. Rxh6 Bg6 24. Rh3 Ng4 25. Ra3 Nxf2 26. Rxa7 Rxe1+
27. Bxe1 Kb8 28. Ra5 d3 29. Rxc5 Ne4 30. Rd5 Rh8 31. Rxd3 Rh1 32. Rf3 Bh5 33.
Rf4 Be2 34. Rxe4 Bxf1 35. Kd2 Bxg2 36. Re8+ Kb7 37. Re7+ Kc6 38. Rxf7 Rh3 39.
Rf4 Ra3 40. Rg4 Rxa2+ 41. Kc3 Bf1 42. Rg6+ Kc5 43. Rg5+ Kc6 44. Kb3 Re2 45.
Rg6+ Kd7 46. Bc3 Re6 47. Rg7+ Kc6 48. Bd4 Be2 49. Rg5 Bf3 50. Kb4 Be4 51. Be5
Bf3 52. Bg3 Be4 53. Rc5+ Kb6 54. Rb5+ Kc6 55. Be5 Bf3 56. Kc3 Bg2 57. Kd4 Bf3
58. Rc5+ Kb6 59. Rc8 Bg2 60. Rb8+ Kc6 61. Rg8 Bf3 62. Rc8+ Kb6 63. c5+ Kb5 64.
Rb8+ Kc6 65. Rb3 Bg2 66. Rb6+ Kd7 67. Rxe6 Kxe6 1/2-1/2

[Event "2BLS 1920 SC Eppingen - SC Heusenstamm"]
[Site "?"]
[Date "2019.11.23"]
[Round "3.8"]
[White "Mann, Christian"]
[Black "Paszewski, Mateusz"]
[Result "1/2-1/2"]
[WhiteElo "2390"]
[BlackElo "2271"]
[PlyCount "106"]
[EventDate "2019.??.??"]

1. c4 c6 2. e4 d5 3. cxd5 cxd5 4. exd5 Nf6 5. Bb5+ Nbd7 6. Nc3 g6 7. d4 Bg7 8.
d6 exd6 9. Qe2+ Qe7 10. Bf4 Qxe2+ 11. Bxe2 Ke7 12. Bf3 Nb6 13. Nge2 Be6 14.
Bxb7 Rab8 15. Bf3 Nbd5 16. Bg5 Kd7 17. Bxf6 Nxf6 18. O-O-O Bf5 19. b3 Rbc8 20.
Kb2 Rhe8 21. Bb7 Rxe2+ 22. Nxe2 Rc2+ 23. Ka3 Rxe2 24. Rhe1 Rxf2 25. d5 Rxg2 26.
Rd4 Kd8 27. Ra4 Nd7 28. Rxa7 Nc5 29. Ba6 Bb2+ 30. Kb4 Rg4+ 31. Kb5 Nxa6 32.
Kxa6 Bc8+ 33. Kb5 Bd7+ 34. Ka6 Bc8+ 35. Kb5 Bd7+ 36. Ka6 Rb4 37. Ra8+ Bc8+ 38.
Ka5 Rb7 39. Re4 Bc3+ 40. b4 f5 41. Re8+ Kxe8 42. Rxc8+ Kd7 43. Rxc3 f4 44. a3
g5 45. b5 Rc7 46. Rh3 Kc8 47. Rh6 Rf7 48. Rxd6 f3 49. Rc6+ Kb7 50. Rb6+ Ka8 51.
Ra6+ Kb8 52. Rb6+ Ka8 53. Ra6+ Kb7 1/2-1/2

[Event "2BLS 1920 TSV Schönaich - SV Worms 1878"]
[Site "?"]
[Date "2019.11.24"]
[Round "4.1"]
[White "Nasshan, Dennis"]
[Black "Krassowizkij, Jaroslaw"]
[Result "1/2-1/2"]
[WhiteElo "2297"]
[BlackElo "2452"]
[PlyCount "73"]
[EventDate "2019.??.??"]

1. d4 Nf6 2. c4 g6 3. Nc3 d5 4. cxd5 Nxd5 5. e4 Nxc3 6. bxc3 Bg7 7. Nf3 c5 8.
Rb1 O-O 9. Be2 Nc6 10. d5 Ne5 11. Nxe5 Bxe5 12. Qd2 e6 13. O-O exd5 14. exd5 b6
15. c4 Qd6 16. h3 Re8 17. Bd3 Bd7 18. Qc2 f5 19. Bd2 f4 20. Be4 f3 21. Bxf3 Bf5
22. Qb3 Bxb1 23. Qxb1 Re7 24. Qc2 Rf8 25. Bg4 Bd4 26. Be6+ Rxe6 27. dxe6 Qxe6
28. Qd3 Qf5 29. Qe2 Rf6 30. Be3 Qe4 31. Rd1 Re6 32. Rd3 Bxe3 33. Rxe3 Qb1+ 34.
Kh2 Rxe3 35. Qxe3 Qxa2 36. Qe8+ Kg7 37. Qe7+ 1/2-1/2